La ciudad y los perros

Guardat en:
Dades bibliogràfiques
Autor principal: Vargas Llosa, Mario (Autor)
Format: Llibre
Idioma:espanyol
Publicat: Santiago Ercilla 1984
Col·lecció:Los Mejores Libros de la Literatura Universal, 2
Matèries:
Etiquetes: Afegir etiqueta
Sense etiquetes, Sigues el primer a etiquetar aquest registre!

MARC

LEADER 00000cam a2200000 a 4500
001 UCX4753
003 CL-VaPUC
008 920727e19840000CL |||||||||||||||||spa|d
082 0 4 |a Pe863  |b VAR  |2 21 
100 0 |a Vargas Llosa, Mario  |e author  |9 318800 
245 1 3 |a La ciudad y los perros 
300 |a 319 p 
942 |c BK 
945 |d 19920727 00:00:00 
260 |a Santiago  |b Ercilla  |c 1984 
650 7 |a NOVELAS PERUANAS  |2 CL-VaPUC  |9 321038 
583 |a last modification  |c 20160407 12:28:10  |k Rodrigo Vera 
490 0 |a Los Mejores Libros de la Literatura Universal, 2 
999 |c 225153  |d 225151 
952 |0 0  |1 0  |4 0  |6 PE_863_000000000000000_VAR_1984  |7 0  |8 A  |9 222417  |a BIBEDU  |b BIBEDU  |d 2019-11-15  |i 2912503  |o Pe863 VAR 1984  |p 2912503  |r 2019-11-15  |w 2019-11-15  |y BK  |k LIT 
952 |0 0  |1 0  |3 erb  |4 0  |6 PE_863_000000000000000_VAR_1984  |7 0  |8 A  |9 222418  |a BIBCUR  |b BIBCUR  |i 5269628  |o Pe863 VAR 1984  |p 5269628  |r 2025-04-22  |w 2019-11-15  |y BK  |z Catalogado en:20160407  |k PER